000 00200nam a22001097a 4500
041 _aeng
080 _a80
100 _aGoes, Albrecht
245 _aDas Brandopfer
650 _aGerman
999 _c281807
_d281807
942 _cBK